00953nam a2200205Ia 4500003000900000008004100009020001800050040001600068080002300084111007800107245034900185260003700534300001500571490002700586650002200613650002000635700003500655700002000690710003700710IN-BaIIA211028s9999 xx 000 0 eng d a0-7923-5076-6 cIIA Library a082.2:52bIAU-S185 aSymposium of the International Astronomical UnioncJapand1997 Aug. 18-22 0aNew eyes to see inside the sun and the stars- pushing the limits of helio and asteroseismology with new observations fromground and from spacebproceedings of the 185th symposium of the IAU , held in Kyoto, Japan, August 18-22, 1997cedited by Franz-Ludwig Deubner, J. Christensen-Dalsgaard and Don Kurtz  aDordrechtbKluwer Academicc1998 axiv, 487p. aIAU Symposium; no. 185 aAsterioseismology aHelioseismology aChristensen-Dalsgaard, J., ed. aKurtz, Don, ed. aInternational Astronomical Union